000 00639nam a22002057a 4500
001 T027600005876
008 181111b xve|||||r|||| 00| | esp d
099 _aIVP-D-02454.17
_b
100 _aInstituto Venezolano de Planificación (IVEPLAN).
245 _aAlcaldía de Baruta. Otorgamiento de patente de industria y comercio. Manual de procedimiento.
260 _a
300 _a19
500 _aFotocopiado
650 _aIndustria--Comercio
650 _aManuales Administrativos--Alcaldía de Baruta.
650 _aVenezuela
650 _aEspañol
700 _aTécnicos Gerenciales, C.A. (TecnoGerencia).
_e
942 _cLIB
999 _c7009
_d7009